000 00300nam a22001097a 4500
082 _a808 FIE'H
100 _aFIELDING, HENRY
_957809
245 _aTHE HISTORY OF THE ADVENTURES OF JOSEPH ANDREWS AND OF HIS FRIEND MR. ABRAHAM ADAMS
260 _aNEWYORK
_bMODERN
_c1950
300 _a422P
942 _cBK
999 _c568061
_d568061